Assessment of a Mobile Commerce Application Using Usability Testing Methodology (Record no. 67433)

MARC details
000 -LEADER
fixed length control field 00428nam a22001337a 4500
100 ## - MAIN ENTRY--AUTHOR NAME
Personal name Nabi Bux Bhatti
-- 17MSIT12
245 ## - TITLE STATEMENT
Title Assessment of a Mobile Commerce Application Using Usability Testing Methodology
260 ## - PUBLICATION, DISTRIBUTION, ETC. (IMPRINT)
Place of publication Nawabshah
Name of publisher Quest
Year of publication 2021
300 ## - PHYSICAL DESCRIPTION
Number of Pages 26p.
650 ## - SUBJECT ADDED ENTRY--TOPICAL TERM
Topical Term Master of Science in Information Science
700 ## - ADDED ENTRY--PERSONAL NAME
Personal name Department of Information Science
856 ## - ELECTRONIC LOCATION AND ACCESS
Uniform Resource Identifier https://tinyurl.com/2sfu8zf3
942 ## - ADDED ENTRY ELEMENTS (KOHA)
Koha item type Thesis and Dissertation
Holdings
Withdrawn status Lost status Home library Current library Date acquired Accession Number Koha item type
    Research Section Research Section 13/01/2022 MP/70-918 Thesis and Dissertation
    Research Section Research Section 13/01/2022 MP/70-919 Thesis and Dissertation
    Research Section Research Section 13/01/2022 MP/70-920 Thesis and Dissertation